बदलते परिवेश में स्त्री की प्रगतिः (Record no. 71845)
[ view plain ]
| 000 -LEADER | |
|---|---|
| fixed length control field | 01148nam a22002777a 4500 |
| 005 - DATE AND TIME OF LATEST TRANSACTION | |
| control field | 20121204152618.0 |
| 008 - FIXED-LENGTH DATA ELEMENTS--GENERAL INFORMATION | |
| fixed length control field | 090408t xxu||||| |||| 00| 0 hin d |
| 010 ## - LCCN (DPL NO) | |
| LC control number | HIN-97560 |
| 020 ## - INTERNATIONAL STANDARD BOOK NUMBER | |
| Terms of availability | 200.00 |
| International Standard Book Number | 9788188014590 |
| 035 ## - SYSTEM CONTROL NUMBER | |
| System control number | HN-69906 |
| 037 ## - SOURCE OF ACQUISITION | |
| Source of stock number/acquisition | DBAD / PUB |
| 040 ## - CATALOGING SOURCE | |
| Original cataloging agency | DPL |
| Language of cataloging | HN |
| 082 ## - DEWEY DECIMAL CLASSIFICATION NUMBER | |
| Classification number | 305.4 |
| 100 ## - MAIN ENTRY--PERSONAL NAME | |
| 9 (RLIN) | 27482 |
| Personal name | चौहान, अनिता सिंह |
| 245 ## - TITLE STATEMENT | |
| Title | बदलते परिवेश में स्त्री की प्रगतिः |
| Statement of responsibility, etc | अनिता सिंह चौहान |
| Remainder of title | स्त्री विमर्श / |
| 260 ## - PUBLICATION, DISTRIBUTION, ETC. (IMPRINT) | |
| Name of publisher, distributor, etc | अखिल भारती |
| Date of publication, distribution, etc | 2012 |
| Place of publication, distribution, etc | दिल्ली |
| 270 ## - ADDRESS | |
| Address | 3014, चर्खेवालान |
| City | दिल्ली |
| Postal code | 110006 |
| Telephone number | 23947589 |
| 300 1# - PHYSICAL DESCRIPTION | |
| Extent | 111पृ. |
| Dimensions | 22सेमी (सजिल्द) |
| 650 ## - SUBJECT ADDED ENTRY--TOPICAL TERM | |
| 9 (RLIN) | 1169 |
| 650 ## - SUBJECT ADDED ENTRY--TOPICAL TERM | |
| 9 (RLIN) | 54059 |
| 700 ## - ADDED ENTRY--PERSONAL NAME | |
| 9 (RLIN) | 27483 |
| 710 ## - ADDED ENTRY--CORPORATE NAME | |
| 9 (RLIN) | 52094 |
| 711 ## - ADDED ENTRY--MEETING NAME | |
| 9 (RLIN) | 52444 |
| 942 ## - ADDED ENTRY ELEMENTS (KOHA) | |
| Institution code [OBSOLETE] | dpl |
| Item type | Hindi Books |
| Source of classification or shelving scheme | Dewey Decimal Classification |
| Call number suffix | चौहान |
| Classification part | 305.4 |
| Withdrawn status | Lost status | Source of classification or shelving scheme | Damaged status | Not for loan | Collection code | Home library | Current library | Date acquired | Source of acquisition | Cost, normal purchase price | Total Checkouts | Full call number | Barcode | Date last seen | Copy number | Cost, replacement price | Koha item type |
|---|---|---|---|---|---|---|---|---|---|---|---|---|---|---|---|---|---|
| Dewey Decimal Classification | Not For Loan | Non-fiction | D.B.Act.Division | D.B.Act.Division | 04/12/2012 | DBAD / PUB | 200.00 | 305.4 चौहान | HN-69906 | 04/12/2012 | 1 | 200.00 | Hindi Books |
